000
00275nam a2200109Ia 4500
008
190216s9999||||xx |||||||||||||| ||und||
100
_a
Deckwick Hall &louis
245
0
_a
Unified Algebra &trignometry
260
_b
John Wiley & Sons
650
_a
Mathematics
942
_c
BK
999
_c
30401
_d
30401